000 nam a22 7a 4500
999 _c7807
_d7807
008 171016b xxu||||| |||| 00| 0 eng d
100 _aArihant
_94283
245 _aSocial Science-7
260 _aNew Delhi